01631nam a2200265Ia 4500001000600000003000900006008004100015040001300056040001300069041001300082100002000095100002900115245004400144245004400188250001100232260001100243260000800254260004900262300004100311500090600352650002801258650003101286700001901317700002901336E5263IT-RoPAU130308s9999 xx 000 0 und d aIT-RoPAU cIT-RoPAU aITALIANO aAbate Gabriella gCodice Aut. SPICS: 48468 aOltre la tv. Indagine sulla televisione bOltre la Tv. Indagine Sulla Televisione a1a ed. aTORINO bSEI c1996 [1° Ed.:1996 - Ed.Ling.Originale:1996] a"136 p. (prefazione: 4; testo: 132)" aTelevisione: pro e Contro. Televisione Fra Passato, presente e Futuro. Televisione Avvelenata. Media Formano e Informano. bello della Diretta. Sfida dei Media. Umanesimo Massmediale. Dimensione Familiare della Televisione. Filtri e Metabolizzatori. tv risorsa per la Famiglia. voce della Scuola: Interviste, Esperienze e Progetti: Verso una Scuola Multimediale, programma Dieducazione All'Immagine, Lettura Multimediale, Multimedialità e Handicap,Linguaggio Filmico, tv Satellitare a Scuola, Italiano Sull'Autostrada Telematica, progetto Manuzio, Scrittura Ipertestuale, Posta Elettronica, progetto internet Scuola. tre indagini Sul Campo: Indagine Sulla tv nella Scuola dell'Obbligo, Microindagine Sulla tv nelle Elementari e Nei Quartieri Romani. Educare Ai Mass Media: Multimedialità Nei Progetti Irrsae, Operatore Tecnologico. normativa a tutela del Minore. Lessico Multimediale. Bibliografia. aSAGGI SULLA TELEVISIONE eCodice materia Spics: 6961 aBrunetto Beppe gCodice Aut. SPICS: 48469